000 04704nab a2200289 i 4500
003 BR-BrBNA
005 20230913124644.0
008 230523b2019 bl.ar|pooa||| 00| 0 eng |
040 _aBR-BrBNA
_beng
072 _aH60
100 _aScheffer-Basso, S.M.
100 _aFiorentin, F.J.R.
100 _aFavaretto, A.
245 _aInfluence of phenology and post-harvest processing of vegetal material on the allelopathy of annoni grass (Eragrostis plana) extracts
500 _aPublicação on-line; 26 ref.; 6 tables; 1 illus.; Summaries (En, Pt)
520 _a ABSTRACT - The phenological stage, post-harvest processing and quantity of material can interfere in the allelopathic activity of extracts. The objective of this study is to test the allelopathic effect of aqueous extracts of the leaves of Annoni grass (Eragrostis plana), an invader of natural pastures. Twelve extracts were prepared by combining the phenological stage of the plants when harvesting the leaves (vegetative; flowering), post-harvest processing before extraction (fresh; dry at 40 o C), and the amount of plant material (5, 15, and 25 g 100 mL-1 distilled water). Two bioassays were conducted in a germination chamber, with evaluation of germination and growth of seedlings of lettuce (Lactuca sativa) and white clover (Trifolium repens). The extracts with higher allelopathic activity were further developed with 15 and 25 g of dried leaves and harvested in plants at the vegetative stage. Germination was attributed to being the greatest contribution to the divergence between the extracts. White clover was more sensitive to extracts, for which 50% to 67% of the extracts were effectively allelopathic (≥50% inhibition); in lettuce, between 8% and 58% of the extracts exhibited this potential. The phenological stage was the factor with a greater individual effect on the allelopathic activity on lettuce and white clover seedlings, and on lettuce germination. The post-harvest processing responded by the greater variation on germination and germination speed index of white clover. The sensitivity of the white clover to extracts of Annoni grass suggests a compromise of its establishment in pastures with the presence of the invader. Keywords: South African lovegrass, aqueous extract, Lactuca sativa, methodology, Trifolium repens.
520 _a RESUMO - O estádio fenológico da planta, a quantidade e o processamento do material vegetal são fatores que podem interferir na atividade alelopática dos extratos. Este trabalho teve como objetivo testar o efeito alelopático de extratos aquosos de folhas de capim-annoni (Eragrostis plana), invasora de pastagens naturais. Doze extratos foram elaborados, resultantes da combinação do estádio fenológico das plantas quando da colheita das folhas (vegetativo; florescimento), preparação do material antes da extração (fresco; seco a 40 o C) e quantidade de material vegetal (5, 15 e 25 g 100 mL-1 de água destilada). Foram conduzidos dois bioensaios, em câmara de germinação, com avaliação de germinação e crescimento de plântulas de alface (Lactuca sativa) e trevo-branco (Trifolium repens). Os extratos com maior atividade alelopática foram elaborados com 15 e 25 g de folhas secas oriundas de plantas em estádio vegetativo. A germinação foi o atributo com a maior contribuição para a divergência entre os extratos. O trevo-branco foi mais sensível aos extratos, para o qual 50% a 67% dos extratos foram efetivamente alelopáticos (inibição ≥50%); na alface, entre 8% e 58% dos extratos exibiram esse potencial. O estádio fenológico foi o fator com maior efeito na atividade alelopática sobre plântulas de alface e trevo-branco e na germinação da alface. O processamento pós-colheita respondeu pela maior variação na germinação e no índice de velocidade de germinação do trevo-branco. A sensibilidade do trevobranco aos extratos de capim-annoni sugere comprometimento de seu estabelecimento em pastagens com a presença da invasora. Palavras-chave: capim-amoroso-sul-africano, extrato aquoso, Lactuca sativa, metodologia, Trifolium repens.
650 _aEXTRATO VEGETAL
650 _aERAGROSTIS PLANA
650 _aCAPIM ANNONI
650 _aLACTUCA SATIVA
650 _aTRIFOLIUM REPENS
773 0 _0886
_91816
_dLondrina-PR : Sociedade Brasileira da Ciência das Plantas Daninhas, 1978
_o2023-031023
_tPlanta Daninha (Brazil)
_x0100-8358; 1806-9681 (on-line)
_gv. 37 p. 1-11; (2019)
_wBR2023000413
856 _uhttps://www.scielo.br/j/pd/a/QtnF6qfqkfmGd4kb3DhHcbv/?format=pdf&lang=en
942 _cAnalítica
999 _c9192
_d9192